Città più popolose Italia - Statistics

Statistiche generali
  • Questo quiz è stato fatto 255 volte
    117 dall'ultimo reset
  • Il punteggio medio è 27 su 30
Statistiche sulle risposte
Popolazione Regione Città % Corretto
362 582 Toscana Firenze
100%
2 746 929 Lazio Roma
100%
1 367 580 Lombardia Milano
99%
906 833 Campania Napoli
99%
857 434 Piemonte Torino
99%
315 949 Puglia Bari
98%
564 355 Liguria Genova
97%
625 184 Sicilia Palermo
97%
255 126 Veneto Verona
96%
146 518 Sardegna Cagliari
95%
216 751 Sicilia Messina
95%
249 274 Veneto Venezia
95%
391 374 Emilia-Romagna Bologna
94%
297 339 Sicilia Catania
94%
152 684 Toscana Livorno
94%
198 685 Friuli-Venezia Giulia Trieste
94%
207 747 Veneto Padova
91%
168 293 Calabria Reggio Calabria
91%
184 855 Emilia-Romagna Modena
90%
199 113 Emilia-Romagna Parma
90%
162 526 Umbria Perugia
90%
200 352 Lombardia Brescia
89%
127 634 Lazio Latina
87%
172 818 Emilia-Romagna Reggio Emilia
86%
150 776 Emilia-Romagna Rimini
85%
145 398 Puglia Foggia
84%
198 440 Toscana Prato
81%
185 623 Puglia Taranto
81%
156 380 Emilia-Romagna Ravenna
78%
129 336 Emilia-Romagna Ferrara
77%
Nessun quiz corrispondente trovato
Distribuzione punteggi
Percentuale di utenti per punteggio
Percentile per numero di risposta
I tuoi punteggi nel tempo
Non hai fatto questo quiz dall'ultimo reset